| 000 | 00476cam a2200193 4500 | ||
|---|---|---|---|
| 001 | D7652 | ||
| 008 | 090401t1985 xxu||||| |||| 00| 0 eng d | ||
| 035 | _a(Sirsi) u8712 | ||
| 041 | _aeng | ||
| 050 | _a333.33 | ||
| 100 | _aOrchard-Lisle, Paul | ||
| 245 | _aSite assembly and marketing | ||
| 260 |
_aReading _bCollege of Estate Management _c1985 |
||
| 300 | _a35p. 25cm | ||
| 350 | _a0 | ||
| 490 |
_aProperty Development Library _v2 |
||
| 942 | _n0 | ||
| 948 | _c04/03/1997 | ||
| 999 |
_c86552 _d86552 |
||